| 000 | 00676nam a2200241 a 4500 | ||
|---|---|---|---|
| 001 | 000006227 | ||
| 003 | DO-SdBNP | ||
| 005 | 20260217121124.0 | ||
| 007 | ta | ||
| 008 | 090827s1962 dr 001 0 spa d | ||
| 040 |
_aDO-SdBNP _bspa _cBNPHU |
||
| 082 |
_a364.151 _bS211m |
||
| 100 |
_aSánchez Cabral, Eduardo _917412 |
||
| 245 | 1 | 4 |
_aLos mártires de hacienda María / _cEduardo Sánchez Cabral. |
| 260 |
_aSanto Domingo : _bCaribe, _c1962. |
||
| 300 |
_a14 p. : _b25 cm. |
||
| 590 | _aEjemplar autografiado | ||
| 590 | _aInventariado, 2022/ YL | ||
| 650 | 7 |
_aCriminología _917089 _2LIBRUNAM |
|
| 650 | 0 |
_aGenocidio _911099 |
|
| 910 | _aYLockward | ||
| 942 |
_2ddc _cLF2 |
||
| 999 |
_c6022 _d6022 |
||